Historia de la música española

Gorde:
Xehetasun bibliografikoak
Egile nagusia: López de Osaba, Pablo (autor)
Formatua: Liburua
Hizkuntza:gaztelania
Argitaratua: Madrid Alianza 1983
Saila:Alianza Música
Gaiak:
Etiketak: Etiketa erantsi
Etiketarik gabe, Izan zaitez lehena erregistro honi etiketa jartzen!

MARC

LEADER 00000nam a2200000 a 4500
001 UCL0767
003 CL-VaPUC
005 20231110122220.0
008 030818e19830000SP |||||||||||||||||spa|d
999 |c 304548  |d 304546 
020 |a 8420689882 
020 |a 842068502X (v.2) 
020 |a 8420685038 (v.3) 8420685070 (v.7) 
020 |a 8420685062 (v.6) 
040 |c Pontificia Universidad Católica de Valparaíso 
082 0 4 |a 780.946 LOP 1983  |2 21 
100 |a López de Osaba, Pablo  |e autor  |9 477520 
245 1 0 |a Historia de la música española 
260 |a Madrid  |b Alianza  |c 1983 
300 |a v 
490 0 |a Alianza Música 
500 |a v.2: Desde el ars nova hasta 1600 
500 |a v.3: Siglo XVII 
500 |a v.6: Siglo XX 
500 |a v.7: El folklore musical 
583 |a last modification  |c 20030818 00:00:00  |k Rodrigo Vera 
650 0 |a Música española  |9 306755 
650 0 |a Música contemporánea  |9 306742 
650 0 |a Historia de la música  |2 CL-VaPUC  |9 306741 
650 0 |a Músicos españoles  |2 CL-VaPUC  |9 456691 
942 |c BK  |2 ddc 
945 |d 20030818 00:00:00  |a cmena 
952 |0 0  |1 0  |2 ddc  |4 0  |6 780_946000000000000_LOP_1983  |7 0  |8 A  |9 366915  |a BIBEDU  |b BIBEDU  |d 2019-11-21  |h v.2  |i 3928152  |o 780.946 LOP 1983  |p 3928152  |r 2023-01-12  |w 2019-11-21  |y BK  |k MUS 
952 |0 0  |1 0  |4 0  |6 780_946000000000000_LOP_1983  |7 0  |8 A  |9 366916  |a BIBEDU  |b BIBEDU  |d 2019-11-21  |h v.3  |i 3928160  |o 780.946 LOP 1983  |p 3928160  |r 2023-01-12  |w 2019-11-21  |y BK  |k MUS 
952 |0 0  |1 0  |4 0  |6 780_946000000000000_LOP_1983  |7 0  |8 A  |9 366917  |a BIBEDU  |b BIBEDU  |d 2019-11-21  |h v.6  |i 3928187  |o 780.946 LOP 1983  |p 3928187  |r 2023-01-12  |w 2019-11-21  |y BK  |k MUS 
952 |0 0  |1 0  |4 0  |6 780_946000000000000_LOP_1983  |7 0  |8 A  |9 366918  |a BIBEDU  |b BIBEDU  |d 2019-11-21  |h v.7  |i 3928195  |o 780.946 LOP 1983  |p 3928195  |r 2023-01-12  |w 2019-11-21  |y BK  |k MUS